[Event "Rated Blitz game"]
[Site "?"]
[Date "2021.07.10"]
[Round "?"]
[White "GrauerBaron"]
[Black "annaly1979"]
[Result "1-0"]
[WhiteElo "2314"]
[BlackElo "2411"]
[PlyCount "121"]
[EventDate "2021.??.??"]
[EventType "blitz"]

1. e4 e5 2. Nf3 d5 3. exd5 e4 4. Qe2 f5 5. d3 Nf6 6. Nbd2 Be7 7. dxe4 fxe4 8.
Nxe4 Nxe4 9. Qxe4 O-O 10. Be3 Bf5 11. Qc4 Bd6 12. Be2 Nd7 13. O-O Qf6 14. c3 a6
15. Bd4 Qh6 16. Be3 Qh5 17. Qh4 Qg6 18. Nd4 Rae8 19. Nxf5 Qxf5 20. Rad1 Nf6 21.
Bd3 Qe5 22. g3 Nxd5 23. Bc4 c6 24. Bf4 Qe7 25. Bxd6 Qxd6 26. Bd3 g6 27. c4 Nf6
28. Bxg6 Qc5 29. Bxe8 Nxe8 30. Qg4+ Ng7 31. Qd4 Qf5 32. b3 Ne6 33. Qd6 Ng5 34.
f4 Ne4 35. Qd3 Qc5+ 36. Qd4 Qf5 37. Rfe1 Nf6 38. Qe5 Qh3 39. Rd6 Ng4 40. Qe6+
Kh8 41. Qe2 h5 42. Rg6 Kh7 43. Rg5 Rf7 44. Qg2 Qxg2+ 45. Kxg2 Kh6 46. h3 Nf6
47. Re6 Rf8 48. Rf5 Kg6 49. Rfxf6+ Rxf6 50. Rxf6+ Kxf6 51. g4 b5 52. Kf3 a5 53.
Ke4 a4 54. g5+ Ke6 55. f5+ Kd6 56. f6 Ke6 57. h4 axb3 58. axb3 bxc4 59. bxc4 c5
60. Kf4 Kf7 61. Kf5 {Normal} 1-0

[Event "Rated Blitz game"]
[Site "?"]
[Date "2021.07.10"]
[Round "?"]
[White "sheldem"]
[Black "Immobilized"]
[Result "0-1"]
[WhiteElo "2428"]
[BlackElo "2461"]
[PlyCount "84"]
[EventDate "2021.??.??"]
[EventType "blitz"]

1. e4 e5 2. Nf3 d5 3. exd5 e4 4. Qe2 Nf6 5. Nc3 Qe7 6. Ng5 Bf5 7. d3 exd3 8.
Qxe7+ Bxe7 9. Bxd3 Bxd3 10. cxd3 Na6 11. Bf4 Nb4 12. O-O-O Nfxd5 13. Nxd5 Nxd5
14. Bd2 O-O 15. Rhe1 Rfe8 16. Ne4 f5 17. Nc3 Rad8 18. d4 Nxc3 19. bxc3 Kf7 20.
Kc2 Bd6 21. g3 h6 22. Rxe8 Rxe8 23. Re1 Rxe1 24. Bxe1 g5 25. c4 c6 26. d5 cxd5
27. cxd5 Kf6 28. Kd3 Ke5 29. Kc4 a6 30. Bc3+ Ke4 31. a4 b5+ 32. axb5 axb5+ 33.
Kxb5 Kxd5 34. Bg7 h5 35. Bh6 g4 36. Be3 Ke4 37. Kc6 f4 38. Kxd6 fxe3 39. fxe3
Kxe3 40. Ke5 Kf3 41. Kf5 Kg2 42. Kg5 Kxh2 {Normal} 0-1

[Event "Rated Blitz game"]
[Site "?"]
[Date "2021.07.10"]
[Round "?"]
[White "yomarxd4"]
[Black "artsportscience"]
[Result "1-0"]
[WhiteElo "2375"]
[BlackElo "2405"]
[PlyCount "73"]
[EventDate "2021.??.??"]
[EventType "blitz"]

1. e4 e5 2. Nf3 d5 3. Nxe5 Bd6 4. d4 dxe4 5. Nd2 Nf6 6. Bc4 O-O 7. O-O Bf5 8.
Nb3 Bxe5 9. dxe5 Qxd1 10. Rxd1 Ng4 11. Bf4 Nc6 12. Bd5 Ngxe5 13. Bxe5 Nxe5 14.
Bxb7 Rad8 15. Nd4 Bg6 16. b3 Rd6 17. Ne2 Rfd8 18. Nc3 e3 19. Rxd6 exf2+ 20.
Kxf2 Rxd6 21. Re1 f6 22. Be4 Rd2+ 23. Re2 Rxe2+ 24. Kxe2 Bxe4 25. Nxe4 Kf7 26.
h3 Ke6 27. Nc5+ Kd5 28. Nd3 Nxd3 29. Kxd3 c5 30. c4+ Ke5 31. g3 f5 32. a3 g5
33. b4 cxb4 34. axb4 f4 35. gxf4+ gxf4 36. c5 a6 37. Ke2 {Normal} 1-0

[Event "Rated Blitz tournament Tj4qPnse"]
[Site "?"]
[Date "2021.07.10"]
[Round "?"]
[White "JaheMerahSehati"]
[Black "batasjon"]
[Result "0-1"]
[WhiteElo "2226"]
[BlackElo "2438"]
[PlyCount "82"]
[EventDate "2021.??.??"]
[EventType "blitz"]

1. e4 e5 2. Nf3 d5 3. Nxe5 Bd6 4. d4 dxe4 5. Nc4 Nf6 6. Nc3 O-O 7. Bg5 Be7 8.
h4 Nc6 9. d5 Nb4 10. Ne3 h6 11. a3 Nbxd5 12. Ncxd5 Nxd5 13. Bxe7 Nxe7 14. Qh5
f5 15. Bc4+ Kh7 16. Rd1 Qe8 17. Qe2 Nc6 18. h5 Be6 19. Bb5 Rd8 20. Rxd8 Qxd8
21. Bxc6 bxc6 22. g3 Qd4 23. c3 Qe5 24. Ng2 Qb5 25. Nf4 Bc4 26. Qd2 Qb8 27. Qd4
Bf7 28. b4 Rd8 29. Qe5 Qb5 30. Qe7 e3 31. Qxd8 exf2+ 32. Kxf2 Qe5 33. Re1 Qxc3
34. Qxc7 Bc4 35. Qe5 Qc2+ 36. Kf3 Qb3+ 37. Qe3 Qb2 38. Ng2 Bd5+ 39. Kf4 Qxg2
40. Ke5 Bf7 41. Qf4 Qd5# {Normal} 0-1

[Event "Rated Blitz game"]
[Site "?"]
[Date "2021.07.10"]
[Round "?"]
[White "alfiezero"]
[Black "Fantastic_power06"]
[Result "1-0"]
[WhiteElo "2788"]
[BlackElo "2687"]
[PlyCount "101"]
[EventDate "2021.??.??"]
[EventType "blitz"]

1. e4 e5 2. Nf3 d5 3. Nxe5 Bd6 4. d4 dxe4 5. Bc4 Bxe5 6. Qh5 Qe7 7. Qxe5 Qxe5
8. dxe5 Nc6 9. Bf4 Bf5 10. Nc3 Rd8 11. O-O Nge7 12. Nb5 Rd7 13. Rad1 Ng6 14.
Rxd7 Kxd7 15. e6+ Bxe6 16. Rd1+ Kc8 17. Bxe6+ fxe6 18. Bg3 e5 19. Nc3 Nd4 20.
Nxe4 Nxc2 21. h4 h5 22. Rd5 Nb4 23. Rc5 Nc6 24. b4 a6 25. a4 Nxb4 26. Bxe5 Nc6
27. Bxg7 Re8 28. f3 Nf4 29. Bh6 Ne2+ 30. Kf2 Ned4 31. Rxh5 b5 32. axb5 axb5 33.
Rc5 b4 34. Bg7 Kb7 35. Rc4 Nf5 36. Bf6 Ra8 37. g4 Ra2+ 38. Kg1 Ne3 39. Nc5+ Kb6
40. Nd7+ Kb7 41. Nc5+ Kb6 42. Nd7+ Kb7 43. Re4 Nd5 44. Bg7 b3 45. h5 b2 46. Re1
Nf4 47. Rb1 Ne2+ 48. Kf2 Ned4 49. h6 Ne6 50. Rxb2+ Rxb2+ 51. Bxb2 {Time forfeit
} 1-0

[Event "Rated Blitz game"]
[Site "?"]
[Date "2021.07.10"]
[Round "?"]
[White "nasi1234567"]
[Black "annaly1979"]
[Result "0-1"]
[WhiteElo "2336"]
[BlackElo "2408"]
[PlyCount "73"]
[EventDate "2021.??.??"]
[EventType "blitz"]

1. e4 e5 2. Nf3 d5 3. exd5 e4 4. Nd4 f5 5. c4 Nf6 6. Nc3 c5 7. dxc6 Qxd4 8.
cxb7 Bxb7 9. Nb5 Qe5 10. Be2 a6 11. Nc3 Bd6 12. g3 O-O 13. Qb3 Bc5 14. Na4 Bc6
15. Nxc5 Qxc5 16. O-O Nbd7 17. Qc2 Ne5 18. a3 Nf3+ 19. Kg2 Rad8 20. b4 Qe5 21.
Bb2 Qe6 22. b5 axb5 23. cxb5 Bd5 24. h3 Rc8 25. Qd1 Ne5 26. Kg1 Nd3 27. Bd4 f4
28. Bxd3 exd3 29. g4 f3 30. Re1 Qd7 31. Bxf6 Rxf6 32. Rc1 Rcf8 33. Rc5 Rg6 34.
Rxd5 Qxd5 35. Re3 h5 36. Kf1 hxg4 37. b6 {Normal} 0-1

[Event "Rated Blitz game"]
[Site "?"]
[Date "2021.07.10"]
[Round "?"]
[White "drini123"]
[Black "annaly1979"]
[Result "0-1"]
[WhiteElo "2317"]
[BlackElo "2401"]
[PlyCount "60"]
[EventDate "2021.??.??"]
[EventType "blitz"]

1. e4 e5 2. Nf3 d5 3. Nxe5 Qe7 4. d4 f6 5. Nf3 dxe4 6. Nfd2 f5 7. Nb3 Nf6 8.
Be2 Nc6 9. O-O Be6 10. c4 Bf7 11. d5 Ne5 12. Bf4 b6 13. Nc3 a6 14. Qd4 Nfd7 15.
Rad1 g5 16. Bxe5 Qxe5 17. Qxe5+ Nxe5 18. f4 gxf4 19. Rxf4 Bg6 20. Nd4 Bh6 21.
Rxf5 Be3+ 22. Kf1 Bxd4 23. Bh5 Bxh5 24. Rxd4 Rf8 25. Rxf8+ Kxf8 26. Rxe4 Re8
27. b4 Bg6 28. Rf4+ Kg8 29. c5 Nd3 30. Rd4 Re1# {Normal} 0-1

[Event "Rated Blitz game"]
[Site "?"]
[Date "2021.07.10"]
[Round "?"]
[White "Ringetaber"]
[Black "Trompatzer"]
[Result "1-0"]
[WhiteElo "2481"]
[BlackElo "2390"]
[PlyCount "87"]
[EventDate "2021.??.??"]
[EventType "blitz"]

1. e4 e5 2. Nf3 d5 3. exd5 Bd6 4. Nc3 Nf6 5. d4 e4 6. Ne5 O-O 7. Be2 Nbd7 8.
Bf4 Qe7 9. Qd2 Nxe5 10. dxe5 Bxe5 11. O-O-O Re8 12. h3 h6 13. g4 Bd7 14. g5
hxg5 15. Bxg5 a6 16. Rdg1 Qb4 17. Rd1 Bf5 18. Bf4 e3 19. fxe3 Ne4 20. a3 Qb6
21. Na4 Bxb2+ 22. Nxb2 Nxd2 23. Rxd2 Qc5 24. Nc4 b5 25. Ne5 Qxa3+ 26. Kb1 b4
27. Bd3 Bxd3 28. Rxd3 Rab8 29. Rxa3 bxa3+ 30. Ka2 Rb5 31. c4 Rb4 32. Kxa3 a5
33. Rc1 f6 34. Nc6 Rb6 35. Bxc7 Rb7 36. d6 Rxe3+ 37. Ka4 Re2 38. Rc3 Ra2+ 39.
Ra3 Rab2 40. Kxa5 Kf7 41. Nd8+ Ke8 42. Nxb7 Kd7 43. Nc5+ Kc6 44. Nd3 {Normal}
1-0

[Event "Rated Blitz game"]
[Site "?"]
[Date "2021.07.10"]
[Round "?"]
[White "notsostrong"]
[Black "BrutusI"]
[Result "1-0"]
[WhiteElo "2440"]
[BlackElo "2297"]
[PlyCount "96"]
[EventDate "2021.??.??"]
[EventType "blitz"]

1. e4 e5 2. Nf3 d5 3. d4 dxe4 4. Nxe5 Bd6 5. Bc4 Bxe5 6. Qh5 Qe7 7. dxe5 Nc6 8.
Bf4 Be6 9. Nd2 O-O-O 10. O-O-O f6 11. Rhe1 g6 12. exf6 Nxf6 13. Qb5 Bxc4 14.
Nxc4 Qb4 15. Qxb4 Nxb4 16. Be5 Rhf8 17. Rxd8+ Kxd8 18. a3 Nbd5 19. h3 c6 20.
Nd6 b5 21. b3 Nd7 22. Bg3 e3 23. fxe3 Nc3 24. Kd2 Nd5 25. c4 bxc4 26. bxc4 N5b6
27. e4 Ke7 28. e5 Nc5 29. Kc3 Nba4+ 30. Kd4 Ne6+ 31. Ke3 Rb8 32. Bh4+ Kd7 33.
Rd1 Rb2 34. Nb5+ Kc8 35. Nxa7+ Kb7 36. Rd7+ Ka6 37. Nc8 Rb3+ 38. Kf2 Rb7 39.
Rd6 Nec5 40. Rxc6+ Ka5 41. Nd6 Rb2+ 42. Kg3 Rb3+ 43. Kg4 h5+ 44. Kg5 Ne6+ 45.
Kh6 g5 46. Be1+ Nc3 47. Ne4 Nd4 48. Rc5+ Ka4 {Normal} 1-0

[Event "Rated Blitz game"]
[Site "?"]
[Date "2021.07.10"]
[Round "?"]
[White "BlueFalkon"]
[Black "pasha1984"]
[Result "1-0"]
[WhiteElo "2420"]
[BlackElo "2364"]
[PlyCount "111"]
[EventDate "2021.??.??"]
[EventType "blitz"]

1. e4 e5 2. Nf3 d5 3. Nxe5 dxe4 4. Qe2 Nf6 5. d3 Bd6 6. f4 exd3 7. Nxd3+ Qe7 8.
Nc3 Nc6 9. Be3 Bg4 10. Qf2 Bf5 11. O-O-O Ng4 12. Qg3 Qxe3+ 13. Qxe3+ Nxe3 14.
Re1 Bxd3 15. Rxe3+ Kf8 16. Rxd3 Bxf4+ 17. Kb1 Rd8 18. Rxd8+ Nxd8 19. Bc4 Be5
20. Nb5 a6 21. Na3 b5 22. Bb3 g6 23. g4 Kg7 24. h4 Re8 25. c3 Nb7 26. Bd5 Nd6
27. Nc2 Bg3 28. h5 c5 29. hxg6 hxg6 30. Rf1 f6 31. a4 Ne4 32. Rg1 Bf2 33. Rg2
Bh4 34. axb5 axb5 35. Na3 b4 36. cxb4 cxb4 37. Nc2 Re5 38. Bb3 Rb5 39. Re2 Nc5
40. Bc4 Rb6 41. b3 f5 42. Rh2 Bf6 43. gxf5 gxf5 44. Rf2 Ne4 45. Rxf5 Nd2+ 46.
Kc1 Nxc4 47. bxc4 Ra6 48. Nxb4 Ra1+ 49. Kc2 Ra4 50. Kb3 Ra8 51. c5 Rb8 52. Kc4
Be7 53. Nc6 Bxc5 54. Nxb8 Bf8 55. Nd7 Kg6 56. Rxf8 {Normal} 1-0

[Event "Rated Blitz game"]
[Site "?"]
[Date "2021.07.10"]
[Round "?"]
[White "Belarusian_Woman"]
[Black "Fantastic_power06"]
[Result "0-1"]
[WhiteElo "2660"]
[BlackElo "2683"]
[PlyCount "148"]
[EventDate "2021.??.??"]
[EventType "blitz"]

1. e4 e5 2. Nf3 d5 3. Nxe5 Bd6 4. d4 dxe4 5. Nc4 Nc6 6. Nc3 Bf5 7. d5 Ne5 8. h3
Nf6 9. Be3 Nxc4 10. Bxc4 O-O 11. g4 Qe7 12. gxf5 Nd7 13. Qd2 Ne5 14. Be2 b5 15.
Nxe4 Nc4 16. Bxc4 Qxe4 17. O-O-O bxc4 18. Qd4 Qxf5 19. Qxc4 Rab8 20. Rhg1 Rb4
21. Qd3 Qf6 22. Bd4 Bf4+ 23. Kb1 Be5 24. c3 Rb7 25. Bxe5 Qxe5 26. Rde1 Qf6 27.
Re2 Rfb8 28. Rg3 g6 29. Rf3 Qg5 30. Rg3 Qf4 31. a3 a5 32. Ka2 Kg7 33. Rg4 Qf6
34. Qd4 h5 35. Rf4 Qxd4 36. Rxd4 Kf8 37. d6 c6 38. c4 c5 39. Rd5 Rd7 40. Red2
Rb6 41. Rxc5 Rbxd6 42. Rxd6 Rxd6 43. Rxa5 Rd2 44. c5 Rxf2 45. Kb3 Ke7 46. Ra7+
Ke6 47. a4 g5 48. Ra8 g4 49. hxg4 hxg4 50. Rg8 f5 51. a5 Kf7 52. Rg5 Kf6 53. a6
Kxg5 54. a7 Rf3+ 55. Kb4 Rf2 56. a8=Q Rxb2+ 57. Kc3 Rf2 58. Qd8+ Kf4 59. Qd4+
Kg3 60. Qe5+ f4 61. c6 Rf3+ 62. Kd4 Kg2 63. c7 g3 64. c8=Q Rf2 65. Qc6+ f3 66.
Qee4 Kg1 67. Qxf3 Rxf3 68. Qxf3 g2 69. Qd1+ Kh2 70. Qh5+ Kg3 71. Qg4+ Kxg4 72.
Ke3 Kg3 73. Ke2 Kh2 74. Kd2 g1=Q {Time forfeit} 0-1

[Event "Rated Blitz game"]
[Site "?"]
[Date "2021.07.10"]
[Round "?"]
[White "BigBangTheoryy"]
[Black "pasha1984"]
[Result "1-0"]
[WhiteElo "2473"]
[BlackElo "2372"]
[PlyCount "50"]
[EventDate "2021.??.??"]
[EventType "blitz"]

1. e4 e5 2. Nf3 d5 3. Nxe5 dxe4 4. d4 Bd6 5. Nc4 Nc6 6. Nxd6+ Qxd6 7. c3 Nge7
8. Be2 Qg6 9. g3 Bh3 10. Bf1 Bxf1 11. Kxf1 O-O-O 12. Kg2 h5 13. h4 f5 14. Bg5
Rdf8 15. Na3 f4 16. Nc4 Nd5 17. Ne5 Nxe5 18. dxe5 Qe6 19. Qd4 Kb8 20. Rad1 fxg3
21. fxg3 c6 22. Qxe4 Rf5 23. c4 Rxe5 24. cxd5 Rxe4 25. dxe6 Rxe6 {Normal} 1-0

[Event "Rated Blitz game"]
[Site "?"]
[Date "2021.07.09"]
[Round "?"]
[White "Gabriel-CW"]
[Black "ahoramahora"]
[Result "1-0"]
[WhiteElo "2423"]
[BlackElo "2378"]
[PlyCount "52"]
[EventDate "2021.??.??"]
[EventType "blitz"]

1. e4 e5 2. Nf3 d5 3. exd5 e4 4. Nd4 Qxd5 5. Ne2 Qe5 6. Nbc3 Nf6 7. d4 exd3 8.
Qxd3 Bf5 9. Qb5+ Qxb5 10. Nxb5 Na6 11. Nbd4 Bd7 12. Bd2 O-O-O 13. O-O-O Bc5 14.
Bc3 Rhe8 15. f3 c6 16. a3 Nc7 17. Nb3 Be3+ 18. Kb1 Be6 19. Ned4 c5 20. Nxc5
Nfd5 21. Ncxe6 Nxe6 22. Bb5 Nxc3+ 23. bxc3 Re7 24. Nf5 Rxd1+ 25. Rxd1 Bc5 26.
Nxe7+ Bxe7 {Normal} 1-0

[Event "Rated Blitz game"]
[Site "?"]
[Date "2021.07.09"]
[Round "?"]
[White "LabutinAa"]
[Black "annaly1979"]
[Result "0-1"]
[WhiteElo "2514"]
[BlackElo "2446"]
[PlyCount "84"]
[EventDate "2021.??.??"]
[EventType "blitz"]

1. e4 e5 2. Nf3 d5 3. Nxe5 Qe7 4. d4 f6 5. Nf3 dxe4 6. Ng1 f5 7. Bc4 Nf6 8. Bf4
Nc6 9. Ne2 Be6 10. Bxe6 Qxe6 11. c3 Bd6 12. Bxd6 Qxd6 13. Nd2 O-O 14. h3 Kh8
15. O-O Rae8 16. Nc4 Qe7 17. Ne3 f4 18. Nxf4 Qd6 19. Nh5 a5 20. Nxf6 Qxf6 21.
Qg4 Ne7 22. Rae1 Ng6 23. Nd5 Qd6 24. Ne3 b5 25. Qh5 c6 26. a4 Nf4 27. Qg4 Nd3
28. Re2 bxa4 29. Ra1 Rf4 30. Qh5 Ref8 31. Rf1 R4f7 32. Qxa5 Qg6 33. Ng4 Nf4 34.
Re3 h5 35. Rfe1 hxg4 36. hxg4 Qxg4 37. Rg3 Ne2+ 38. Rxe2 Qxe2 39. Rh3+ Kg8 40.
Qxa4 Qxf2+ 41. Kh2 Qf4+ 42. Kg1 e3 {Normal} 0-1

[Event "Rated Blitz tournament tC9MGak7"]
[Site "?"]
[Date "2021.07.09"]
[Round "?"]
[White "andrezz209"]
[Black "om_gendut"]
[Result "0-1"]
[WhiteElo "2334"]
[BlackElo "2453"]
[PlyCount "88"]
[EventDate "2021.??.??"]
[EventType "blitz"]

1. e4 e5 2. Nf3 d5 3. exd5 e4 4. Ne5 Qxd5 5. d4 exd3 6. Nxd3 Nf6 7. Nc3 Qe6+ 8.
Qe2 Bd6 9. Bg5 O-O 10. Qxe6 fxe6 11. Bxf6 gxf6 12. O-O-O e5 13. f3 Be6 14. Kb1
Nc6 15. a3 Rfd8 16. Be2 Nd4 17. Rhe1 a6 18. Nc1 c5 19. Ne4 Be7 20. c3 Nc6 21.
Rxd8+ Rxd8 22. Rd1 Rxd1 23. Bxd1 Kf7 24. Bb3 c4 25. Bc2 f5 26. Ng3 Kg6 27. Nce2
b5 28. Ka1 Bc5 29. f4 Kf6 30. fxe5+ Kxe5 31. Nh5 a5 32. Nhf4 Bf7 33. g3 b4 34.
axb4 axb4 35. Nh3 Ne7 36. Nef4 Nc8 37. Ng5 Bg8 38. Nf3+ Kf6 39. Nh5+ Ke7 40.
Bxf5 Nd6 41. Bc2 h6 42. Nf4 b3 43. Bb1 Kf6 44. Nd5+ Bxd5 {Normal} 0-1

[Event "Rated Blitz game"]
[Site "?"]
[Date "2021.07.09"]
[Round "?"]
[White "Tandilensis"]
[Black "Fantastic_power06"]
[Result "1-0"]
[WhiteElo "2674"]
[BlackElo "2685"]
[PlyCount "141"]
[EventDate "2021.??.??"]
[EventType "blitz"]

1. e4 e5 2. Nf3 d5 3. exd5 e4 4. Qe2 Nf6 5. d3 Qxd5 6. Nc3 Bb4 7. dxe4 Qxe4 8.
Bd2 Qxe2+ 9. Bxe2 O-O 10. O-O Re8 11. Bd3 Bg4 12. Nd4 Nbd7 13. Rfe1 Ne5 14. Bf1
Rad8 15. Bf4 Rxd4 16. Bxe5 Rd2 17. Bd3 Bxc3 18. Bxc3 Rxe1+ 19. Rxe1 Rd1 20.
Rxd1 Bxd1 21. Bxf6 gxf6 22. f3 c5 23. Kf2 c4 24. Be4 f5 25. Bxf5 Kg7 26. Ke1
Bxc2 27. Bxc2 Kf6 28. Be4 b5 29. Kd2 Ke5 30. Kc3 f5 31. Bc2 a5 32. b4 cxb3 33.
Bxb3 Kf4 34. Be6 Ke5 35. Bd7 b4+ 36. Kc4 h5 37. Kb5 Kd4 38. Kxa5 Kc3 39. Bxf5
h4 40. Be6 Kd3 41. Kxb4 Ke3 42. h3 Kf2 43. Bg4 Kxg2 44. a4 Kg3 45. a5 Kf4 46.
a6 Ke5 47. a7 Kd6 48. a8=Q Ke5 49. Qb7 Kd4 50. Qb6+ Kd3 51. Bf5+ Ke2 52. Bg4
Kd3 53. Kb3 Ke2 54. Qc5 Kf1 55. Qc4+ Kg2 56. Qe2+ Kg3 57. Qe4 Kf2 58. Kc3 Kg3
59. Kd2 Kf2 60. Kd3 Kg3 61. Ke3 Kg2 62. Qc2+ Kg3 63. Qd1 Kg2 64. f4 Kg3 65. f5
Kg2 66. f6 Kg3 67. f7 Kg2 68. f8=Q Kg3 69. Qff3+ Kh2 70. Qde2+ Kg1 71. Qff1# {
Normal} 1-0

[Event "Rated Blitz game"]
[Site "?"]
[Date "2021.07.09"]
[Round "?"]
[White "ivan1414"]
[Black "Schachelite"]
[Result "1-0"]
[WhiteElo "2490"]
[BlackElo "2460"]
[PlyCount "75"]
[EventDate "2021.??.??"]
[EventType "blitz"]

1. e4 e5 2. Nf3 d5 3. Nxe5 Bd6 4. d4 dxe4 5. Nc4 Nf6 6. Nxd6+ Qxd6 7. Be2 O-O
8. c4 Nc6 9. Be3 Rd8 10. d5 Ne5 11. Nc3 Bg4 12. Bf4 Nd3+ 13. Qxd3 Qxf4 14. Qe3
Qf5 15. h3 Bxe2 16. Qxe2 c6 17. dxc6 bxc6 18. O-O Rd4 19. Rad1 Rad8 20. Rxd4
Rxd4 21. Rd1 c5 22. b3 h6 23. Nb5 Rxd1+ 24. Qxd1 a6 25. Nc3 Qe5 26. Qd8+ Kh7
27. Qd2 Nh5 28. Qe3 f5 29. a3 Nf4 30. Kf1 Nd3 31. Qd2 f4 32. f3 Qd4 33. Nxe4
Qa1+ 34. Ke2 Nc1+ 35. Kf2 Nd3+ 36. Ke2 Nc1+ 37. Kf2 Nd3+ 38. Qxd3 {Normal} 1-0

[Event "Rated Blitz game"]
[Site "?"]
[Date "2021.07.09"]
[Round "?"]
[White "Litke76"]
[Black "ahoramahora"]
[Result "1/2-1/2"]
[WhiteElo "2451"]
[BlackElo "2363"]
[PlyCount "141"]
[EventDate "2021.??.??"]
[EventType "blitz"]

1. e4 e5 2. Nf3 d5 3. Nxe5 Bd6 4. d4 dxe4 5. Nc4 Nf6 6. Be2 O-O 7. O-O h6 8.
Nc3 Bf5 9. Ne3 Bg6 10. Nb5 Nc6 11. c4 a6 12. Nc3 Nxd4 13. Ncd5 Nxe2+ 14. Qxe2
Nxd5 15. Nxd5 c6 16. Nf4 Bh7 17. Be3 Qc7 18. g3 Rad8 19. Rfd1 Be5 20. Rac1
Rxd1+ 21. Rxd1 Rd8 22. b3 Bf5 23. Kg2 Rxd1 24. Qxd1 Qd7 25. Qxd7 Bxd7 26. Ne2
Bg4 27. Nd4 Bxd4 28. Bxd4 Bf3+ 29. Kf1 f6 30. Ke1 Kf7 31. Kd2 Ke6 32. Ke3 g5
33. Bb2 f5 34. Bg7 h5 35. Bh6 Kf6 36. Bf8 f4+ 37. gxf4 g4 38. Bd6 Ke6 39. Bc7
h4 40. Bd8 h3 41. Bb6 Kf5 42. Bd4 Bg2 43. Bc3 Ke6 44. Kd4 b6 45. Bd2 c5+ 46.
Ke3 Kf5 47. Bc3 Bf1 48. Be5 b5 49. Bd6 bxc4 50. bxc4 Bxc4 51. a3 Bb5 52. Bxc5
a5 53. Bd4 a4 54. Bc3 Bc6 55. Bd4 Bd7 56. Bc3 Ke6 57. Bd4 Kd5 58. Bb2 Kc4 59.
Be5 Kb3 60. Bd6 Kc2 61. Bc5 Bf5 62. Bd6 Kd1 63. Bb4 Kc2 64. Ba5 Kb3 65. Bb4 Kc4
66. Be7 Kc3 67. Bb4+ Kc2 68. Ke2 Kb3 69. Ke3 Kc4 70. Ke2 Kb3 71. Ke3 {Normal}
1/2-1/2

[Event "Rated Blitz game"]
[Site "?"]
[Date "2021.07.09"]
[Round "?"]
[White "z2win"]
[Black "lavilaine"]
[Result "0-1"]
[WhiteElo "2345"]
[BlackElo "2400"]
[PlyCount "44"]
[EventDate "2021.??.??"]
[EventType "blitz"]

1. e4 e5 2. Nf3 d5 3. d4 dxe4 4. Nxe5 Bd6 5. Nc4 f5 6. c3 Nf6 7. Nxd6+ cxd6 8.
Bg5 d5 9. Nd2 Be6 10. Be2 O-O 11. O-O Nbd7 12. c4 h6 13. Bf4 g5 14. Be5 f4 15.
cxd5 Bxd5 16. Bc4 e3 17. fxe3 fxe3 18. Qf3 Nxe5 19. dxe5 exd2 20. Bxd5+ Nxd5
21. Qb3 Qb6+ 22. Kh1 Qxb3 {Normal} 0-1

[Event "Rated Blitz game"]
[Site "?"]
[Date "2021.07.09"]
[Round "?"]
[White "Tokar1987"]
[Black "annaly1979"]
[Result "0-1"]
[WhiteElo "2471"]
[BlackElo "2415"]
[PlyCount "30"]
[EventDate "2021.??.??"]
[EventType "blitz"]

1. e4 e5 2. Nf3 d5 3. Nxe5 Qe7 4. d4 f6 5. Nd3 Nc6 6. e5 Nxd4 7. c3 Nf5 8. Bf4
fxe5 9. Nxe5 Nf6 10. Bd3 g5 11. Bxg5 Qxe5+ 12. Kd2 h6 13. Bxf6 Qxf6 14. Re1+
Ne7 15. Kc2 Bf5 {Normal} 0-1

[Event "Rated Blitz game"]
[Site "?"]
[Date "2021.07.09"]
[Round "?"]
[White "Arystan754"]
[Black "Dzon_Vejn"]
[Result "0-1"]
[WhiteElo "2315"]
[BlackElo "2452"]
[PlyCount "111"]
[EventDate "2021.??.??"]
[EventType "blitz"]

1. e4 e5 2. Nf3 d5 3. exd5 e4 4. Nd4 Qxd5 5. Nb3 Nc6 6. Nc3 Qe5 7. Qe2 Nf6 8.
d3 Bg4 9. Qe3 exd3 10. Bxd3 O-O-O 11. h3 Bh5 12. Qxe5 Nxe5 13. Bf5+ Kb8 14. Bf4
Nc4 15. O-O Bd6 16. Bxd6 Rxd6 17. Nb5 Rb6 18. N5d4 Nxb2 19. Rfe1 Nd5 20. Nc5
Ka8 21. Be4 Nc3 22. Bxb7+ Rxb7 23. Nxb7 Kxb7 24. Re3 Nba4 25. Rae1 Rd8 26. Nb3
Rd1 27. Rxd1 Nxd1 28. Re4 Ndc3 29. Rb4+ Kc8 30. Kh2 Bg6 31. Rc4 Bxc2 32. Nc5
Bf5 33. Nxa4 Nxa4 34. Rxa4 Kb7 35. g4 Be6 36. Kg3 c5 37. f4 c4 38. f5 Bd5 39.
Rb4+ Kc6 40. Kf4 Kc5 41. Rb1 c3 42. Rc1 Kd4 43. Rd1+ Kc4 44. Ke3 c2 45. Rc1 Kc3
46. Ke2 f6 47. h4 h6 48. g5 hxg5 49. hxg5 fxg5 50. Rg1 g4 51. Rg3+ Kb2 52. Rxg4
c1=Q 53. Rb4+ Ka3 54. Rd4 Bxa2 55. Rd2 Qxd2+ 56. Kxd2 {Normal} 0-1

[Event "Rated Blitz tournament tC9MGak7"]
[Site "?"]
[Date "2021.07.09"]
[Round "?"]
[White "Kayy-BKD"]
[Black "Bis_Kecil_BKD"]
[Result "0-1"]
[WhiteElo "2407"]
[BlackElo "2435"]
[PlyCount "54"]
[EventDate "2021.??.??"]
[EventType "blitz"]

1. e4 e5 2. Nf3 d5 3. Nxe5 dxe4 4. Bc4 Qg5 5. Nxf7 Qxg2 6. Rf1 Bg4 7. Be2 Bxe2
8. Qxe2 Kxf7 9. Qc4+ Ke8 10. Qxc7 Nd7 11. Qxb7 Rd8 12. Nc3 Ngf6 13. Nb5 Bc5 14.
Nc7+ Ke7 15. d4 Bd6 16. Nb5 Rb8 17. Qc6 Rb6 18. Qc4 Qf3 19. Bd2 Rxb5 20. Qxb5
Rb8 21. Qc4 Rxb2 22. Rg1 g6 23. Rg3 Bxg3 24. hxg3 Qh1+ 25. Ke2 Qxa1 26. Bb4+
Rxb4 27. Qxb4+ Kf7 {Normal} 0-1

[Event "Rated Blitz game"]
[Site "?"]
[Date "2021.07.09"]
[Round "?"]
[White "chadi_chess"]
[Black "lavilaine"]
[Result "0-1"]
[WhiteElo "2409"]
[BlackElo "2425"]
[PlyCount "44"]
[EventDate "2021.??.??"]
[EventType "blitz"]

1. e4 e5 2. Nf3 d5 3. exd5 e4 4. Nd4 Qxd5 5. Nb3 Qe5 6. Nc3 Bd6 7. Be2 f5 8. d4
Qe7 9. O-O Nf6 10. Nb5 Nc6 11. Nxd6+ cxd6 12. d5 Ne5 13. Nd4 Bd7 14. c4 O-O 15.
b3 Nfg4 16. h3 Qh4 17. hxg4 fxg4 18. Be3 Rf6 19. Qd2 Nf3+ 20. Bxf3 gxf3 21.
Rfe1 Rg6 22. Bg5 Rxg5 {Normal} 0-1

[Event "Rated Blitz game"]
[Site "?"]
[Date "2021.07.09"]
[Round "?"]
[White "AronMagnisyan"]
[Black "annaly1979"]
[Result "1-0"]
[WhiteElo "2552"]
[BlackElo "2412"]
[PlyCount "73"]
[EventDate "2021.??.??"]
[EventType "blitz"]

1. e4 e5 2. Nf3 d5 3. d4 dxe4 4. Nxe5 Bd6 5. Bf4 Nf6 6. Bc4 O-O 7. O-O Nc6 8.
Nxc6 bxc6 9. Bg5 h6 10. Bh4 Rb8 11. b3 Bf5 12. Nc3 Re8 13. Qd2 Bb4 14. a3 e3
15. fxe3 Ne4 16. Bxd8 Nxd2 17. Rxf5 Bxc3 18. Bxf7+ Kh7 19. Bxe8 Rxd8 20. Rf8
Rxe8 21. Rxe8 Bxa1 22. Re7 Kg6 23. Rxc7 Ne4 24. Rxc6+ Kf5 25. Rc7 g5 26. Rxa7
Bb2 27. Kf1 Bc1 28. Ke2 Nc3+ 29. Kd3 Nb1 30. e4+ Kf4 31. Rf7+ Kg4 32. a4 Bb2
33. a5 Nc3 34. a6 Nb5 35. a7 Nxa7 36. Rxa7 h5 37. b4 {Normal} 1-0

[Event "Rated Blitz game"]
[Site "?"]
[Date "2021.07.09"]
[Round "?"]
[White "Drj-dub"]
[Black "BrilliantGambiteer"]
[Result "1/2-1/2"]
[WhiteElo "2474"]
[BlackElo "2405"]
[PlyCount "132"]
[EventDate "2021.??.??"]
[EventType "blitz"]

1. e4 e5 2. Nf3 d5 3. Nxe5 Bd6 4. d4 dxe4 5. Nc4 Nf6 6. Nxd6+ Qxd6 7. Nc3 c6 8.
Be2 O-O 9. Be3 Bf5 10. Qd2 Nbd7 11. O-O-O b5 12. h3 b4 13. Na4 Be6 14. Kb1 Nd5
15. Nc5 Nxc5 16. dxc5 Qe5 17. Bd4 Qf5 18. Bc4 Rab8 19. Rhe1 Rb7 20. Qe2 Rfb8
21. Qxe4 Qxe4 22. Rxe4 Nc3+ 23. Bxc3 bxc3 24. Bb3 cxb2 25. Kxb2 Bf5 26. Red4
Kf8 27. Rd8+ Ke7 28. Rxb8 Rxb8 29. Rd6 a5 30. Kc3 Bd7 31. Bxf7 Rb5 32. Bc4 Rxc5
33. Rd4 Bf5 34. Kd2 Kf6 35. Bd3 Be6 36. c4 h6 37. f4 g5 38. fxg5+ Rxg5 39. g4
h5 40. Be2 hxg4 41. hxg4 Ke5 42. Kc3 c5 43. Rd8 Kf4 44. Rf8+ Kg3 45. Ra8 Bxg4
46. Bxg4 Rxg4 47. Rxa5 Rg5 48. Ra8 Kf4 49. Re8 Rg3+ 50. Kb2 Kf5 51. a4 Kf6 52.
a5 Kf7 53. Re1 Rg8 54. Kb3 Rb8+ 55. Ka4 Rb4+ 56. Ka3 Rxc4 57. a6 Rh4 58. a7 Rh8
59. Kb3 Ra8 60. Ra1 Ke6 61. Kc4 Kd6 62. Kb5 c4 63. Ra6+ Kc7 64. Kxc4 Kb7 65.
Ra1 Rxa7 66. Rxa7+ Kxa7 {Normal} 1/2-1/2